Представление документа в формате MARC21

Поле Инд. ПП Название Значение
Тип записи a
Библиографический уровень m
001 Контрольный номер RU/IS/BASE/383925005
005 Дата корректировки 20220105095550.5
040 b Код языка каталог. rus
041 0_ a Код языка текста rus
080 a Индекс УДК 004.42
084 a Индекс другой классификации/Индекс ББК 32.973.26-018.2
090 a Полочн. индекс 681.3
x Авторский знак С23
097 b Оператор 11
245 10 a Заглавие Сборник алгоритмов и программ типовых задач
n Номер части/ раздела Вып. 1
260 a Место издания Л.
b Издательство ЛВИКА им. А. Ф. Можайского
c Дата издания 1977
300 a Объем 116 с.
510 0_ a Примечание о ссылках Книги и методические пособия
650 04 a Основная рубрика 50.41 Программное обеспечение вычислительных машин, комплексов и сетей
x Основная подрубрика 50.41.25 Прикладное программное обеспечение
653 0_ a Ключевые слова программы (выч. техника); алгоритмы (выч. техника)
901 t Тип документа m